Quizzes
Events
Quiz Creation
Community
Videos
Private Events
Remove Ads
Sign In
Join for FREE
Feedback
Dark Mode
Quiz Categories
Sports
Geography
Music
Movies
Television
Just For Fun
Miscellaneous
History
Literature
Language
Science
Gaming
Entertainment
Religion
Holiday
For Kids
Quiz Lab
Recent
Popular Today
Quiz Kudos Today
Editor Picks
Curator Picks
Quizzes by...
Day
Popularity
Type
Ratings
Length
Year
Community
Subscriptions
Recent Discussions
Orange Saloon
Badges
Playlists
Quests
Create
Leaderboards
Showdown
Live 5
Trivia Bingo
Activity
Puzzle Library
Sporcle Events
Private Events
Virtual Trivia
Globe League
Become a Host
Pub Owners
SporcleCon
Opinionation
Our Games
Videos
Blog
Mobile Apps
Partnerships
Remove Ads and Go Orange
Feedback
Literature
Harry Potter
A Song of Ice and Fire
The Hunger Games
Literary Character
Shakespeare
Book
Author
Novel
Poem
Young Adult
Children's Books
Play
Lord of the Rings
Literature
Harry Potter
A Song of Ice and Fire
The Hunger Games
Literary Character
Shakespeare
Book
Author
Novel
Poem
Young Adult
Children's Books
Play
Lord of the Rings
Random Quiz
Search Sporcle
×
Quiz Lab
Quiz Lab
Literature
Harry Potter
Type in answers that appear in a list
Type in answers that appear in a list
Classic
Best Score? Go Orange.
The Major Deaths in Harry Potter? Stats
Can you name the the major deaths in Harry Potter??
By
djanove
8m
27 Questions
431 Plays
431 Plays
431 Plays
Comments
Comments
Give Quiz Kudos
Give Quiz Kudos
-
- Ratings
hide this ad
More Info
Replay
Link that replays current quiz
Next Quiz
Link to next quiz in quiz playlist
You Got
0%
They Got
Avg Score
75%
Avg Friend Score
Upgrade to see
Score Distribution
Jump to the score distribution portion of the page
Score
0/27
Timer
08:00
0
Plays Today
Killer
Killed
% Correct
Wormtail/
Peter Pettigrew
Cedric Diggory
95.8%
Bellatrix Lestrange
Sirius Black
95.6%
Lord Voldemort
Lily Potter
94.9%
Lord Voldemort
James Potter
94.7%
Severus Snape
Albus Dumbledore
94.4%
Harry/
Lord Voldemort
Quirinus Quirrell
93.5%
Harry Potter
Lord Voldemort
93%
Molly Weasley
You Bitch!
90.3%
Barty Crouch Jr./
Imposter Moody
Barty Crouch Sr.
87%
Nagini
Severus Snape
86.5%
Augustus Rookwood
Fred Weasley
86.3%
Snatchers
Ted Tonks
85.4%
Antonin Dolohov
Remus Lupin
84.9%
Bellatrix Lestrange
Nymphadora Tonks
84.9%
Killer
Killed
% Correct
Neville Longbottom
Nagini
84.5%
Vincent Crabbe
Vincent Crabbe
73.8%
Lord Voldemort
Harry Potter
73.8%
Bellatrix Lestrange
Dobby
72.4%
Lord Voldemort
Frank Bryce
68.9%
Peter Pettigrew
Peter Pettigrew
67.5%
Lord Voldemort
Mad Eye Moody
66.6%
Death Eater
Hedwig
64%
Yaxley (Thicknesse)
Rufus Scrimgeour
57.5%
Lord Voldemort
Gellert Grindelwald
43.6%
Lord Voldemort
Gregorovitch
41.1%
Death Eaters
Igor Karkaroff
27.8%
Lord Voldemort
Amelia Bones
19%
Quiz Playlist
Details
Report
Send in Message
Add To Playlist
More Info:
No ghost deaths! Look at that body count on Deathly Hallows!
Classic:
Type in answers that appear in a list
Last Updated: Feb 16, 2017
Quiz Scoreboard
CHALLENGE
Sign Up to Join the Scoreboard
Show All
Scores
Hide
Comments
May contain spoilers
Recently Published
An Introduction to Baseball
by treessimontrees
Sports
5m
Movies - When Are They Set?
by FPL_Elf
Movies
5m
Popular People in 1961
by mucciniale
History
6m
More to Explore
Quiz From the Vault
Featured Blog Post
Where Did the Easter Bunny Come From?
hide this ad
You Might Also Like...
Tags
Harry Potter Quiz
death
Killed
major
Today's Top Quizzes in Literature
Browse Literature
hide this ad
Today's Top Quizzes in Harry Potter
Browse Harry Potter
Top Contributed Quizzes in Literature
1
Sneaky Slytherin Logic Puzzle
2
One Thing in Common: Literature
3
Get The Picture: Black or White Literature
4
Harry Potter Neighbourly Logic Puzzle #3
5
Weasley Family Reunion: Logic Puzzle
6
One Thing in Common: Books
7
One Thing in Common: Literature II
8
Harry Potter Neighbourly Logic Puzzle #1
9
Harry Potter Neighbourly Logic Puzzle #5
10
Harry Potter Neighbourly Logic Puzzle #6
Explore More
Trending Topics
NBA
Crossword
Harry Potter
Anime
Kpop
Disney
Marvel
WWE
Soccer
The Office
Country
NFL
Pokémon
Song
Puzzle
hide this ad
More By:
djanove
Quiz
Plays
Rating
Category
Featured
Created
Guess the lyrics (Disney)
2,560
2.57
Music
Nov 28, 2010
Can you name ALL the Weasleys?
721
2.50
Literature
Nov 27, 2010
The Incredibles' Super Powers?
579
4.33
Movies
Nov 26, 2010
The Major Deaths in Harry Potter?
431
4.00
Literature
Nov 27, 2010
The Community Characters
139
1.00
Television
Nov 27, 2010
Go to Creator's Profile
Score Distribution
Quiz Creator Spotlight
djanove
Follow
Send a Message
Quizzes Created
-
Created Quiz Play Count
-
More By This Creator
Popular Quizzes Today
1
Find the Countries of Europe - No Outlines Minefield
2
Find the US States - No Outlines Minefield
3
The Countries of the World
4
Popular People in 1961
5
US States
6
1-10 Letter E Words III
7
Find the US States
8
One Thing in Common: World Cities II
More Literature Quizzes
Book to Animation Match-Up
Published
Trending Quizzes
Risky Map Clicking: Least Populous States A-Z
1-10 Letter F Words
1-10 Letter G Words
One Thing in Common: United Kingdom
Risky Map Clicking: Next State Alphabetically
Recently Updated
Leaping Animals
pecheneg
Reality TV Shows (A-Z)
bhenderson79
Rickey Henderson's Hall of Fame Teammates
pecheneg
Champions League XIs: Arsenal
pecheneg
Quick Pick: Celebrities in WWE's Hall of Fame
aduchscher
A-Z Keypad Blitz II
pecheneg
Multiple Oscar Actors
pecheneg
Mystery Phrase Blitz: Oscar 'Best Actors'
pecheneg
F. Scott Fitzgerald Novels
LTH
Pick 3 Villains
ddd62291
Trending Topics
Marvel
Kpop
Anime
Crossword
NBA
Disney
Harry Potter
NFL
Pokémon
Puzzle
The Office
Soccer
Song
Country
WWE
Your Account Isn't Verified!
In order to create a playlist on Sporcle, you need to verify the email address you used during registration. Go to your
Sporcle Settings
to finish the process.
Report this User
Report this user for behavior that violates our
Community Guidelines
.
Details:
Send Report
Go to the Sporcle.com Mobile Site →
Comments